000 00701nam a22002297a 4500
003 DO-SdBNP
005 20180313104552.0
008 160418b 2005 dr00| 0 fre d
020 _a9789945110685
040 _aBPMSU
_bspa
_cBPMSU
082 4 _axxxx
_bxxxx
100 1 _aFlores Infante, Tania
245 1 _aEntre amis :
_beducación básica /
_cTania Flores Infante ; editor Obdulia García de Escobar
260 _aSanto Domingo :
_bSantillana,
_c2005.
300 _a63 p. :
_bil.,
_c28 cm.
490 1 _aÁmbar
_v1
700 1 _aGarcía de Escobar, Obdulia,
_eed.
830 0 _aÁmbar
_n1
942 _2ddc
_cBK
945 _aRemanejado para la BNPHU / 2018 BT
956 _aBTAVAREZ
_b10
_cBPMSU
_d20160418
_f0038
999 _c9836
_d9836